| 000 | 00848nam a22002415i 4500 | ||
|---|---|---|---|
| 001 | 176468 | ||
| 003 | ES-MaACL | ||
| 005 | 20250829131839.0 | ||
| 008 | 110118s1969 sp |||| | spa d | ||
| 080 | _a2:37 | ||
| 080 | _a27-14 | ||
| 100 | 1 |
_aBurckle, J. _9144788 |
|
| 245 | 1 | 3 |
_aLa llamada de Dios y la respuesta de los hombres _b: plan y materiales para un catecismo bíblico / _cpor J. Burckle. |
| 260 |
_aMadrid : _bApostolado de la prensa, _cimp. 1969. |
||
| 300 |
_a40 p. ; _c23 cm. |
||
| 490 | 1 |
_aCuadernos de pedagogía religiosa. Niños nº 3 ; _v2 |
|
| 650 | 4 |
_aReligión- _xEnseñanza. _9144779 |
|
| 650 | 0 | 4 |
_aDios- _xConcepto bíblico. _911902 |
| 710 | 0 |
_aApostolado de la Prensa. _91403 |
|
| 830 | 0 | 0 |
_aCuadernos de pedagogía religiosa _v2 _9190056 |
| 852 |
_aES-MaACL _jE-14075 (2) _xOlim P-1658 |
||
| 999 |
_c176468 _d176468 |
||